| 000 | 01018nam a22002897a 4500 | ||
|---|---|---|---|
| 003 | MX-MxUPN | ||
| 005 | 20240610132329.0 | ||
| 008 | 240523s2008 mx ao||gr|||| 00| 0 spa d | ||
| 020 | _a9788486279554 | ||
| 040 |
_aMX-MxUPN _bspa |
||
| 041 |
_aspa _aeng |
||
| 050 | 0 | 4 |
_aF1221 M35 _bM37 2008 |
| 100 | 0 |
_952285 _aMaría Sabina, _d1894-1985 |
|
| 245 | 1 | 0 | _aSoy la mujer remolino |
| 246 | 0 | 1 | _aWhirling woman who looks inside |
| 260 |
_aOaxaca de Juárez, Oaxaca : _bEditorial Almadía : _bZare Books, _c2008. |
||
| 300 |
_a[60] páginas : _bilustraciones, fotografías |
||
| 600 | 0 | 4 |
_952287 _aMaría Sabina, _d1894-1985 _xCrítica e interpretación |
| 600 | 1 | 4 |
_952286 _aMaría Sabina, _d1894-1985 _vPoesía |
| 650 | 4 |
_952291 _aMazatecas _vBiografía |
|
| 700 | 1 |
_952288 _aSchwartz, Janet _etraducción |
|
| 700 | 1 |
_952289 _aZarebska, Carla _etraducción |
|
| 700 | 1 |
_952290 _aTzu, María _eilustración |
|
| 902 |
_aMarisolLicea/23052024 _bMaríaRobles/100624 |
||
| 942 |
_2lcc _cLIBRO _n0 |
||
| 999 |
_c211293 _d211293 |
||